| 000 | 01396cam a22002294a 4500 | ||
|---|---|---|---|
| 005 | 20250829130442.0 | ||
| 008 | 250528s ||||||||||||||||||||||||d | ||
| 035 | _a18783 | ||
| 020 | _a582312736 | ||
| 040 |
_aGR-AtMCL _bgre _dGR-AtMCL _eAACR2 |
||
| 245 | 1 | _aTourism / Principles and Practice | |
| 250 | _a2nd | ||
| 260 |
_bLongman, _c1998 |
||
| 300 | _a534 | ||
| 520 | _aA comprehensive grounding in the subject of tourism to all students. Preface, Abbreviations, An Introduction to Tourism, Tourism Demand, Concepts and Definitions and Indicators of Tourism Demand, Consumer Behavior and Tourism Demand, Models and Patterns of Tourism Demand, Measuring Demand for Tourism, The Tourism Destination, The Destination, The Economic Impact of Tourism, The Environmental Impact of Tourism, The Socio-cultural Impact of Tourism, Carrying Capacity, Tourism and Development Planning, The Tourism Industry, Government Organizations, Intermediaries, Transportation, Attractions, Accommodation, Marketing for Tourism, Marketing for Tourism - The Historical Roots, Marketing Management for Tourism, Marketing Planning, The Marketing Mix, The Future of Tourism, Information Technology, The Future of Tourism, Major Case Studies, Index. | ||
| 700 | 1 |
_aCooper, Chris _93362 |
|
| 700 | 1 |
_aFletcher John _93370 |
|
| 700 | 1 |
_aGilbert David _94166 |
|
| 942 | _cBK | ||
| 999 |
_c4096 _d4096 |
||